01044 a2200193 45000010006000000050017000060080041000230030015000640400040000790800100001192450040002190200018002592640068002773000019003455050431003640410008007951000024008037000023008273970720260407155654.0260407a1981 arg spa dAR-UNSa-BCEJYS aAR-UNSa-BCEJYSbspacAR-UNSa-BCEJYS a711.4xOrdenación urbana. Desarrollo urbano. Áreas edificadas. Conurbaciones. Asentamientos10aOrdenación de las zonas litorales a84-7088-277-5 1aMadrid :bInstituto de Estudios de Administración Localc1981 a385 p.c21 cm. aParte I: El litoral a subasta : 1. Sobrevolando las costas - 2. Trípico - 3. El trabajo del mar - 4. El desarrollo industrial y portuario - 5. El hábitat - 6. ¿ Turismo contra naturaleza ? - Parte II: Fomentar los recursos o escatimar los medios : 1. Introducción - 2. El bloqueo a la ordenación territorial - 3. Claves para la ordenación territorial - 4. Los deseos y las acciones humanas - 5. El querer y el poder aspa1 aVioque Lozano, Juan1 aMichaud, Jean- Luc